Statistics for Manchester United in the Premier League

Click here to take the quiz!

General Stats

  • This quiz has been taken 695 times
    (73 since last reset)
  • The average score is 41 of 51

Answer Stats

CategoryNationalityAnswer% Correct
ManagerScottishSir Alex Ferguson
98%
ScorerPortugueseCristiano Ronaldo
98%
Ballon d'OrPortugeseCristiano Ronaldo
98%
Class of '92WelshRyan Giggs
98%
ScorerFrenchPaul Pogba
98%
Transfer Record2016, Juventus, £89.3mPaul Pogba
98%
ManagerWelsh*Ryan Giggs
98%
ManagerNorwegianOle Gunnar Solskjaer
97%
ScorerNorwegianOle Gunnar Solskjaer
97%
Transfer Record1993, Nottingham Forest, £3.75mRoy Keane
95%
CaptainIrishRoy Keane
95%
Class of '92EnglishPaul Scholes
93%
ScorerEnglishWayne Rooney
92%
CaptainSerbianNemanja Vidic
92%
CaptainEnglishWayne Rooney
92%
ManagerEnglish*Michael Carrick
90%
CaptainEnglishMichael Carrick
90%
Transfer Record2002, Leeds United, £29.3mRio Ferdinand
88%
ManagerPortugueseJose Mourinho
88%
CaptainEcuadorianAntonio Valencia
87%
ScorerDutchRobin van Persie
87%
Class of '92EnglishDavid Beckham
87%
ManagerScottishDavid Moyes
87%
CaptainFrenchEric Cantona
85%
ScorerFrenchEric Cantona
85%
ManagerDutchLouis van Gaal
85%
ScorerDutchRuud van Nistelrooy
83%
Transfer Record2001, PSV Eindhoven, £19mRuud van Nistelrooy
83%
ScorerFrenchAnthony Martial
83%
ScorerSwedishZlatan Ibrahimovic
83%
Class of '92EnglishPhil Neville
82%
ManagerGerman*Ralf Rangnick
82%
ScorerBulgarianDimitar Berbatov
82%
Class of '92EnglishGary Neville
80%
ScorerBelgianRomelu Lukaku
80%
ScorerEnglishMarcus Rashford
80%
CaptainEnglishGary Neville
80%
CaptainEnglishHarry Maguire
80%
ScorerPortugueseBruno Fernandes
77%
Transfer Record2014, Real Madrid, £59.7mAngel Di Maria
77%
ScorerTobagonianDwight Yorke
73%
ScorerEnglishAndy Cole
73%
Transfer Record1995, Newcastle United, £7mAndy Cole
73%
Class of '92EnglishNicky Butt
68%
ScorerEnglishTeddy Sheringham
58%
ScorerWelshMark Hughes
52%
Transfer Record2001, Lazio, £28.1mJuan Veron
52%
CaptainEnglishAshley Young
47%
CaptainEnglishBryan Robson
43%
CaptainEnglishSteve Bruce
42%
ScorerRussianAndrei Kanchelskis
37%

Score Distribution

Percentile by Number Answered

Percent of People with Each Score

Your Score History

You have not taken this quiz since the last reset